| 000 | 00766nam a2200241 a 4500 | ||
|---|---|---|---|
| 001 | 63390 | ||
| 003 | BD-RjUL | ||
| 005 | 20211209081207.0 | ||
| 008 | 170130s1963 enkabc 001 0 eng d | ||
| 035 | _a(BD-RjUL)63519 | ||
| 040 |
_aCWR _cCWR _dBD-RjUL _beng |
||
| 041 | _aeng | ||
| 082 | 0 | 4 |
_a940.2 _223 _bTHE 1963 |
| 090 |
_aD228 _b.T46 1963 |
||
| 100 | 1 |
_aThomson, Samuel Harrison, _d1895-1975 _9188622 |
|
| 245 | 1 | 0 |
_aEurope in Renaissance and Reformation / _cS. Harrison Thomson. |
| 260 |
_aNew York : _bHarcourt, Brace & World, _c1963. |
||
| 300 |
_ax, 854 p. : _bill. ; _c24 cm. |
||
| 504 | _aIncludes bibliographical references and index. | ||
| 651 | 0 |
_aEurope _xHistory _y476-1492. _9188623 |
|
| 651 | 0 |
_aEurope _xHistory _y1492-1648. _9188624 |
|
| 942 |
_2ddc _cBK |
||
| 999 |
_c63390 _d63390 |
||